Chrobák Max Delenie je hračka!

Bibliographic Details
Main Authors: Churchill, Vicki (Author), Fuge, Charles (Author, Illustrator)
Other Authors: Kantorová-Báliková, Jana, 1951- (Translator)
Format: Book
Language:Slovak
English
PhysicalDescription:[20] s. fareb. ilustr. 23 cm
Published: Bratislava Belimex 2006
ISBN:8089083935
Edition:[1. vyd.]
Subjects:

MARC

LEADER 00000nam a2200000 a 4500
001 vtls008877888
003 SK-MaSNL
005 20260301205815.0
008 251031s2006 xo a g 000 0 slo
015 |a SNBA2006/12-05843 
020 |a 8089083935  |q (viaz.) 
035 |a F5855517-F4E6-42BB-A4D1-8309335104B3 
035 |a urn:nbn:sk:snk-aml3c7 
035 |a urn:nbn:sk:snk-am008l2u 
040 |a SNK  |b slo  |c SNK  |e AACR2 
041 1 |a slo  |h eng 
044 |a xo  |c SK 
072 7 |a 821-93  |x Literatúra pre deti a mládež  |2 konspekt 
080 |a (0.053.2)  |2 2001 
080 |a 37.016:511-028.31  |2 2001 
100 1 |a Churchill, Vicki  |4 aut  |9 402136 
240 1 0 |a Halving fun with buster bug  |l Slovensky 
245 1 0 |a Chrobák Max  |b Delenie je hračka!  |c Vicki Churchillová, Charles Fuge ; [z anglického originálu preložila Jana Kantorová-Báliková ; ilustrácie: Charles Fuge] 
250 |a [1. vyd.] 
260 |a Bratislava  |b Belimex  |c 2006 
300 |a [20] s.  |b fareb. ilustr.  |c 23 cm 
500 |a Názov z obalu 
521 |a Nevhodné pre deti do 3 rokov 
650 0 7 |a počítanie  |2 SNKPH  |9 4104 
655 7 |a publikácie pre deti  |2 SNKPH  |9 70148 
700 1 |a Fuge, Charles  |4 aut  |4 ill  |9 402137 
700 1 |a Kantorová-Báliková, Jana,  |d 1951-  |4 trl  |9 160814 
919 |a 80-89083-93-5 
958 |a UP 
958 |a OND 
968 |b ENG  |d 0 
999 |c 911472  |d 913402 
952 |a SNK  |b SNK  |y PREZ  |7 0  |p 17A0529101  |o snkSC 125641  |i snk2006/23684  |8 0  |0 0  |1 0  |4 0  |d 2006-11-13  |f 1  |l 0  |r 2025-06-11 00:00:00  |w 2026-02-24 
952 |a SNK  |b SNK  |y VYP  |7 0  |p 17A0529094  |o snkSC 125641 D1  |i snk2006/23686  |8 0  |0 0  |1 0  |4 0  |d 2006-11-13  |l 0  |r 2026-02-24 07:45:55  |w 2026-02-24